00671nam a2200229 a 4500001001300000003000900013005001700022008004100039020002300080082001700103100001800120245002800138260004200166300000900208500003500217650000900252700001800261902000800279942000700287952013000294999001700424nice12345678IN_TiNIC20260116014617.0070412s2005 newa grp 000 0 eng  a8177558978 c40000a294.543bBES aBesant, Annie aAn Introduction to Yoga aNew Delhi bCosmo Publications c2005 a141p aincludes index and biblioraphy aYoga1 aBesant, Annie bSRS cBK 001040708StackRoom-aHMIbHMId2007-04-12g400.00l2o294.543 BESp021479r2020-02-12s2020-02-03v400.00w2007-04-12yBK c16225d16225